| 000 | 00541nam a2200181Ia 4500 | ||
|---|---|---|---|
| 999 |
_c11285 _d11285 |
||
| 003 | OSt | ||
| 005 | 20191221114901.0 | ||
| 008 | 190216s9999||||xx |||||||||||||| ||und|| | ||
| 020 | _a9788131775622 | ||
| 040 | _coclc | ||
| 082 |
_a338.5024658 _bAGA/M |
||
| 100 |
_aAgarwal, Vanita _9649 |
||
| 245 | 0 |
_aManagerial Economics / _cVanita Agarwal |
|
| 260 |
_bPearson Education, _c2013. _a Delhi- Chennai: |
||
| 300 | _a542p | ||
| 650 | _aManagerial Economics | ||
| 942 |
_cBK _2ddc _h338.5024658 _iAGA/M _k338.5024658 _mAGA/M |
||